000 00827nam a2200253 i 4500
001 C2-0256517
003 PPAK
005 20180727223916.0
008 040715s2004 nyu |||| ||||| | eng d
020 _a0814407854
040 _aPPAK
_beng
_cPPAK
_erda
082 0 4 _a658.314
_223
090 0 0 _a658.314
_bRIC
_dR
100 1 _aRichards, Dick,
_eauthor
245 1 4 _aThe art of winning commitment :
_b10 ways leaders can engage minds, hearts, and spirits
264 1 _aNew York :
_bAmerican Management Association ,
_c2004
300 _ax, 209 pages ;
_c24 cm
336 _2rdacontent
_atext
337 _2rdamedia
_aunmediated
338 _2rdacarrier
_avolume
500 _aIncludes bibliographical references and index
650 1 0 _aEmployee motivation ; Employee loyalty ; Organizational commitment
942 _ddc
_cB
999 _c68702
_d68702